000 00360nam a22001457a 4500
005 20170406103914.0
008 170406b xxu||||| |||| 00| 0 eng d
020 _a978-81-263-1948-0
041 _aeng
100 _aKALIA, RAVINDRA
_93832
245 _aELECTRONIC MEDIA KI CHUNAUTIYAN
260 _aNEW DELHI
_bBHARATIYA JNANPITH
300 _a245
942 _cBK
999 _c5428
_d5426